Методические рекомендации по обеспечению качественной работы линейных ускорителей электронов для дистанционной лучевой терапии (гарантия качества)

Detalhes bibliográficos
Autor Corporativo: Национальный исследовательский Томский политехнический университет
Outros Autores: Сухих Е. С. Евгения Сергеевна (составитель), Вертинский А. В. Андрей Владимирович, Стахова О. М. Ольга Михайловна
Resumo:Заглавие с титульного экрана
В рекомендациях изложены основные положения для проведения процедур гарантии качества медицинских линейных ускорителей. Состоит из краткого теоретического минимума и описания практических особенностей проведения тестов контроля качества линейных ускорителей. Подготовлены Технологическим референсным центром ионизирующего излучения в радиологии, лучевой терапии и ядерной медицине на основе международных рекомендаций, разработанных ведущими специалистами в области гарантии качества медицинских линейных ускорителей.
Idioma:russo
Publicado em: Томск, Изд-во ТПУ, 2022
Assuntos:
Acesso em linha:http://www.amphr.ru/_private/gk_lue.pdf
Formato: Recurso Electrónico Livro
KOHA link:https://koha.lib.tpu.ru/cgi-bin/koha/opac-detail.pl?biblionumber=379330

MARC

LEADER 00000nlm0a2200000 4500
001 379330
005 20240521063145.0
035 |a (RuTPU)RU\TPU\retro\36797 
035 |a RU\TPU\retro\36796 
090 |a 379330 
100 |a 20230911d2022 m y0rusy50 ca 
101 0 |a rus 
102 |a RU 
105 |a a z 001zy 
135 |a drcn ---uucaa 
181 0 |a i  
182 0 |a b 
200 1 |a Методические рекомендации по обеспечению качественной работы линейных ускорителей электронов для дистанционной лучевой терапии (гарантия качества)  |f Национальный исследовательский Томский политехнический университет ; сост. Е. С. Сухих ; А. В. Вертинский ; О. М. Стахова 
203 |a Текст  |c электронный 
210 |a Томск  |c Изд-во ТПУ  |d 2022 
300 |a Заглавие с титульного экрана 
330 |a В рекомендациях изложены основные положения для проведения процедур гарантии качества медицинских линейных ускорителей. Состоит из краткого теоретического минимума и описания практических особенностей проведения тестов контроля качества линейных ускорителей. Подготовлены Технологическим референсным центром ионизирующего излучения в радиологии, лучевой терапии и ядерной медицине на основе международных рекомендаций, разработанных ведущими специалистами в области гарантии качества медицинских линейных ускорителей. 
610 1 |a электронный ресурс 
610 1 |a труды учёных ТПУ 
610 1 |a методические рекомендации 
610 1 |a линейные ускорители 
610 1 |a контроль качества 
702 1 |a Сухих  |b Е. С.  |c специалист в области атомной энергетики  |c доцент Томского политехнического университета, кандидат физико-математических наук  |f 1986-  |g Евгения Сергеевна  |y Томск  |3 (RuTPU)RU\TPU\pers\31149  |4 220  |9 15345 
702 1 |a Вертинский  |b А. В.  |c специалист в области ядерных технологий  |c ведущий инженер Томского политехнического университета  |f 1986-  |g Андрей Владимирович  |3 (RuTPU)RU\TPU\pers\47477  |4 220  |9 22992 
702 1 |a Стахова  |b О. М.  |c специалист в области ядерных технологий  |c инженер Томского политехнического университета  |f 1998-  |g Ольга Михайловна  |3 (RuTPU)RU\TPU\pers\47641  |4 220  |9 23109 
712 0 2 |a Национальный исследовательский Томский политехнический университет  |c (2009- )  |3 (RuTPU)RU\TPU\col\15902  |9 26305 
801 1 |a RU  |b 63413507  |c 20131204 
801 2 |a RU  |b 63413507  |c 20230911  |g RCR 
856 4 |u http://www.amphr.ru/_private/gk_lue.pdf 
942 |c CF